Open Data Biblioteca Nacional de Portugal


República Portuguesa: Ministério da Cultura
Biblioteca Nacional de Portugal

Catálogo da BNP: acesso por Identificadores Unívocos
Registos Bibliográficos associados ao registo de autoridade

Etiqueta de registo: 00000nkm 2200025 450
001 2272961
003 http://id.bnportugal.gov.pt/bib/catbnp/2272961
100 ## $a20260227d1990 m y0pory01030103ba
101 0# $apor
102 ## $aPT
200 1# $aTorneio Internacional de Esgrima, "Cidade da Amadora", 3 e 4 novembro, Amadora 1990$bVisual gráfico]$fFederação Portuguesa de Esgrima
210 #9 $a[Lisboa]$cFederação Portuguesa de Esgrima,$d1990
215 ## $a1 cartaz$ccolor.$d49,7x34,6 cm
316 ## $aDois furos de um furador na parte lateral esquerda do documento$5PTBN: CT. 15140 V.
317 ## $aColeção Madeira Luís
710 02 $aTorneio Internacional de Esgrima,$eAmadora,$f1990$31993225
712 02 $aFederação Portuguesa de Esgrima$4070$37255
712 01 $aAmadora.$bCâmara Municipal$4070$3724
801 #0 $aPT$bBN$gRPC
966 ## $lBN$mICONOG$sCT. 15140 V.$x3
971 ## $cCaticonografia5$d20260227
995 ## $aPRR2026

OpendataBNP@bnportugal.pt | Mais informação sobre acesso aos dados BNP